000 00675nmm a2200241 a 4500
003 AR-BaBNM
005 20251128211235.0
008 063020s1948 ||||||||||||||000 | spa||
040 _cAR-BaBNM
110 1 _aSuecia
_bMinisterio de Relaciones Exteriores
_bSección Prensa
245 1 0 _aSuecia
260 _aBuenos Aires
_bEspasa-Calpe Argentina
_c1948
300 0 _a563 p.
_bil., mapas
500 0 _aIndice alfabético en p. 543
504 _aBibliografía en p. 525
650 4 _aZONAS GEOGRAFICAS Y PAISES
650 4 _aGEOGRAFIA FISICA
650 4 _aESTRUCTURA ECONOMICA
651 4 _aSuecia
653 _aSISTEMA EDUCATIVO
942 _cBK
998 _calicia
999 _c18857
_d18857